The Shakespeare encyclopedia : the complete guide to the man and his works. (Record no. 8297)

MARC details
000 -LEADER
fixed length control field 00716nam a22001937a 4500
003 - CONTROL NUMBER IDENTIFIER
control field OSt
005 - DATE AND TIME OF LATEST TRANSACTION
control field 20260205072520.0
008 - FIXED-LENGTH DATA ELEMENTS--GENERAL INFORMATION
fixed length control field 260205b |||||||| |||| 00| 0 eng d
020 ## - INTERNATIONAL STANDARD BOOK NUMBER
International Standard Book Number 978-1-74048-034-5
040 ## - CATALOGING SOURCE
Original cataloging agency DWCL-Main Lib
Transcribing agency OC
082 ## - DEWEY DECIMAL CLASSIFICATION NUMBER
Classification number GR.822.33 C867 2009
100 ## - MAIN ENTRY--PERSONAL NAME
Personal name Cousins, A. D.
Dates associated with a name 1950
245 ## - TITLE STATEMENT
Title The Shakespeare encyclopedia : the complete guide to the man and his works.
260 ## - PUBLICATION, DISTRIBUTION, ETC.
Place of publication, distribution, etc. Australia :
Name of publisher, distributor, etc. Global Book Publishing,
Date of publication, distribution, etc. c2009.
300 ## - PHYSICAL DESCRIPTION
Extent 304 p. :
Other physical details ill. ( chiefly col. ) col. maps, charts, tables
Dimensions ; 31 cm
650 ## - SUBJECT ADDED ENTRY--TOPICAL TERM
Topical term or geographic name entry element Shakespeare, William, 1564 - 1616 - Criticism and interpretation.
650 ## - SUBJECT ADDED ENTRY--TOPICAL TERM
Topical term or geographic name entry element Shakespeare, William, 1564 - 1616 - Encyclopedias.
942 ## - ADDED ENTRY ELEMENTS (KOHA)
Source of classification or shelving scheme Dewey Decimal Classification
Koha item type General Reference
Call number suffix GR.
Suppress in OPAC No
952 ## - LOCATION AND ITEM INFORMATION (KOHA)
--
Holdings
Withdrawn status Lost status Source of classification or shelving scheme Damaged status Not for loan Home library Current library Shelving location Date acquired Source of acquisition Total Checkouts Full call number Barcode Date last seen Copy number Price effective from Koha item type Uniform Resource Identifier
    Dewey Decimal Classification     Junior High School Library Junior High School Library General Reference 07/08/2010 Library Fund   GR. 822.33 C867 2009 JHS - 15745 02/05/2026 c1 02/05/2026 GR